Gaming Quiz

Random Gaming or Blitz Quiz

Quick Pick: 'O' Video Games 2 Quiz Stats

 Plays Quiz not verified by Sporcle

Support Sporcle.
Go Orange.
Score 0/12 Timer 01:00
0 Plays Today
% Correct
One
86.7%
Out
86.7%
Old
84%
Open
84%
Office
81.3%
Orcs
78.7%
Over
78.7%
Ooze
76%
Ocean
73.3%
Organ
70.7%
Oath
65.3%
Odd
64%

You're not logged in!

Compare scores with friends on all Sporcle quizzes.
OR
Log In

From the Vault

Follow That Lyric: Disney Songs

by MovieGuru

Lets see just how many Disney songs we can get stuck in your head at once.
Remove Ads.
Support Sporcle.
Get the best of Sporcle when you Go Orange. This ad-free experience offers more features, more stats, and more fun while also helping to support Sporcle. Thank you for becoming a member.

Show Comments

Extras

Top Quizzes Today


Score Distribution

Your Account Isn't Verified!

In order to create a playlist on Sporcle, you need to verify the email address you used during registration. Go to your Sporcle Settings to finish the process.

Report this User

Report this user for behavior that violates our Community Guidelines.

Details: